Linear programming and extensions
Saved in:
| Main Author: | |
|---|---|
| Format: | Book |
| Language: | English |
| Published: |
Princeton
Princeton University Press
1993
|
| Edition: | 7. ed. |
| Series: | Princeton Landmarks in Mathematics
|
| Subjects: | |
| Tags: |
No Tags, Be the first to tag this record!
|
MARC
| LEADER | 00000nam$a2200000$$$4500 | ||
|---|---|---|---|
| 001 | 0017054 | ||
| 005 | 20221206075549.7 | ||
| 020 | |a 0-691-05913-6 | ||
| 041 | 0 | |a eng | |
| 044 | |a US | ||
| 245 | 1 | 0 | |a Linear programming and extensions |c George B. Dantzig |
| 250 | |a 7. ed. | ||
| 264 | 1 | |a Princeton |b Princeton University Press |c 1993 | |
| 300 | |a 672 s. | ||
| 490 | 1 | |a Princeton Landmarks in Mathematics | |
| 830 | 0 | |a Princeton Landmarks in Mathematics | |
| 610 | 2 | 0 | |a programovanie lineárne |
| 610 | 2 | 0 | |a modelovanie lineárne |
| 610 | 2 | 0 | |a modelovanie |
| 610 | 2 | 0 | |a metóda simplexová |
| 610 | 2 | 0 | |a algoritmy |
| 100 | 1 | |a Dantzig, George Bernard | |